000
00241nam a2200121Ia 4500
100
_a
Niit
490
_v
II
942
_c
RB
654
_a
'C' Programming
245
_a
''''C'''' Programming
260
_b
Time-life books
546
_a
ENGLISH
999
_c
25544
_d
25544